[Event "c14"]
[Site "?"]
[Date "2016.05.07"]
[Round "9.1"]
[White "Pultorak, Jan"]
[Black "Teclaf, Pawel"]
[Result "1-0"]
[BlackElo "2214"]
[WhiteElo "2301"]
[LiveChessVersion "1.4.7"]

1. d4 {[%clk 1:30:56]} Nf6 {[%clk 1:30:58]} 2. c4 {[%clk 1:31:17]} g6
{[%clk 1:31:26]} 3. Nc3 {[%clk 1:31:32]} d5 {[%clk 1:31:50]} 4. Nf3
{[%clk 1:31:44]} Bg7 {[%clk 1:32:05]} 5. Qb3 {[%clk 1:32:04]} dxc4
{[%clk 1:32:17]} 6. Qxc4 {[%clk 1:32:27]} O-O {[%clk 1:32:26]} 7. e4
{[%clk 1:32:53]} a6 {[%clk 1:32:54]} 8. Be2 {[%clk 1:32:35]} b5 {[%clk 1:32:17]}
9. Qb3 {[%clk 1:32:58]} c5 {[%clk 1:31:02]} 10. dxc5 {[%clk 1:33:19]} Bb7
{[%clk 1:31:30]} 11. O-O {[%clk 1:33:12]} Nxe4 {[%clk 1:31:32]} 12. Nxe4
{[%clk 1:33:38]} Bxe4 {[%clk 1:31:59]} 13. Bf4 {[%clk 1:33:49]} Nc6
{[%clk 1:30:06]} 14. Rad1 {[%clk 1:25:24]} Qc8 {[%clk 1:30:06]} 15. Qe3
{[%clk 1:22:45]} Bf5 {[%clk 1:29:04]} 16. Ne5 {[%clk 1:18:58]} Nxe5
{[%clk 1:17:10]} 17. Bxe5 {[%clk 1:19:22]} Bxe5 {[%clk 1:15:28]} 18. Qxe5
{[%clk 1:19:44]} Qe6 {[%clk 1:15:38]} 19. Qxe6 {[%clk 1:18:56]} Bxe6
{[%clk 1:16:06]} 20. a3 {[%clk 1:19:10]} Rfc8 {[%clk 1:14:27]} 21. b4
{[%clk 1:19:09]} Ra7 {[%clk 1:13:04]} 22. Rd4 {[%clk 1:17:51]} Kf8
{[%clk 1:09:54]} 23. Rfd1 {[%clk 1:15:09]} Ke8 {[%clk 1:10:10]} 24. Bf3
{[%clk 1:12:45]} Rd7 {[%clk 0:54:37]} 25. Bd5 {[%clk 1:00:58]} Bxd5
{[%clk 0:50:44]} 26. Rxd5 {[%clk 1:01:20]} Ra7 {[%clk 0:46:59]} 27. h4
{[%clk 1:00:43]} a5 {[%clk 0:45:02]} 28. h5 {[%clk 0:59:03]} axb4
{[%clk 0:45:04]} 29. axb4 {[%clk 0:59:31]} Ra2 {[%clk 0:41:32]} 30. hxg6
{[%clk 0:59:25]} hxg6 {[%clk 0:41:47]} 31. R1d4 {[%clk 0:57:11]} e6
{[%clk 0:36:53]} 32. Rd6 {[%clk 0:56:47]} Rc2 {[%clk 0:36:22]} 33. Rb6
{[%clk 0:51:44]} Rc4 {[%clk 0:26:48]} 34. Rxc4 {[%clk 0:50:50]} bxc4
{[%clk 0:27:13]} 35. Kf1 {[%clk 0:50:11]} Ke7 {[%clk 0:20:36]} 36. Ke2
{[%clk 0:47:16]} Rd8 {[%clk 0:20:36]} 37. Rb7+ {[%clk 0:47:30]} Ke8
{[%clk 0:18:20]} 38. c6 {[%clk 0:47:36]} c3 {[%clk 0:18:44]} 39. Rb5
{[%clk 0:44:17]} Rd2+ {[%clk 0:13:18]} 40. Ke3 {[%clk 0:42:05]} Kd8
{[%clk 0:13:40]} 41. Rc5 {[%clk 0:39:59]} Kc7 {[%clk 0:12:41]} 42. Rxc3
{[%clk 0:39:29]} Rb2 {[%clk 0:11:50]} 43. Rc4 {[%clk 0:39:48]} e5
{[%clk 0:11:22]} 44. g4 {[%clk 0:31:50]} f5 {[%clk 0:10:28]} 45. gxf5
{[%clk 0:31:51]} gxf5 {[%clk 0:10:54]} 46. f4 {[%clk 0:31:07]} exf4+
{[%clk 0:04:31]} 47. Kxf4 {[%clk 0:31:13]} Rf2+ {[%clk 0:03:21]} 48. Ke5
{[%clk 0:31:12]} Rb2 {[%clk 0:03:25]} 49. Kxf5 {[%clk 0:31:30]} Rh2
{[%clk 0:03:53]} 50. Kg5 {[%clk 0:30:30]} Rd2 51. Rc5 Rg2+ {[%clk 0:01:36]} 52.
Kf5 {[%clk 0:29:34]} Rh2 {[%clk 0:01:39]} 53. Ke5 {[%clk 0:28:52]} Rb2
{[%clk 0:01:15]} 54. b5 {[%clk 0:27:48]} Rb4 {[%clk 0:01:33]} 55. Rd5
{[%clk 0:27:56]} Rb1 {[%clk 0:01:37]} 56. Rd7+ {[%clk 0:27:58]} Kc8
{[%clk 0:01:56]} 57. Kd6 {[%clk 0:28:07]} Rh1 {[%clk 0:01:09]} 58. Kc5
{[%clk 0:28:20]} 1-0

[Event "c14"]
[Site "?"]
[Date "2016.05.07"]
[Round "9.2"]
[White "Lis, Mateusz"]
[Black "Pytel, Maciej"]
[Result "1-0"]
[BlackElo "1904"]
[WhiteElo "1998"]
[LiveChessVersion "1.4.7"]

1. e4 {[%clk 1:30:59]} c5 {[%clk 1:30:39]} 2. Nf3 {[%clk 1:31:21]} e6
{[%clk 1:31:06]} 3. d4 {[%clk 1:31:45]} cxd4 {[%clk 1:31:31]} 4. Nxd4
{[%clk 1:32:09]} a6 {[%clk 1:31:58]} 5. Bd3 {[%clk 1:32:21]} Nf6 {[%clk 1:32:19]}
6. O-O {[%clk 1:32:37]} d6 {[%clk 1:32:44]} 7. Qe2 {[%clk 1:32:45]} Qc7
{[%clk 1:32:56]} 8. c4 {[%clk 1:32:41]} Nbd7 {[%clk 1:33:14]} 9. f4
{[%clk 1:32:34]} b6 {[%clk 1:32:36]} 10. Nc3 {[%clk 1:32:44]} Bb7
{[%clk 1:32:44]} 11. Bd2 {[%clk 1:31:40]} Be7 {[%clk 1:23:29]} 12. Rac1
{[%clk 1:31:16]} O-O {[%clk 1:22:39]} 13. b4 {[%clk 1:28:50]} Rfe8
{[%clk 1:20:39]} 14. f5 {[%clk 1:23:58]} exf5 {[%clk 1:18:32]} 15. Nxf5
{[%clk 1:23:00]} Bf8 {[%clk 1:18:58]} 16. Nd5 {[%clk 1:19:58]} Qb8
{[%clk 1:15:32]} 17. Nh6+ {[%clk 1:03:57]} gxh6 {[%clk 0:44:04]} 18. Nxf6+
{[%clk 0:53:46]} Nxf6 {[%clk 0:44:30]} 19. Rxf6 {[%clk 0:53:54]} Bg7
{[%clk 0:44:53]} 20. Rcf1 {[%clk 0:44:20]} Bxf6 {[%clk 0:28:46]} 21. Rxf6
{[%clk 0:43:30]} Kf8 {[%clk 0:13:25]} 22. Bxh6+ {[%clk 0:41:15]} Ke7
{[%clk 0:13:49]} 23. Qf3 {[%clk 0:41:19]} Rf8 {[%clk 0:08:10]} 24. Bxf8+
{[%clk 0:40:35]} Qxf8 {[%clk 0:08:35]} 25. Qf4 {[%clk 0:40:21]} Rd8
{[%clk 0:08:23]} 26. Qh4 {[%clk 0:38:37]} Qh8 {[%clk 0:06:51]} 27. Rf1+
{[%clk 0:38:09]} Ke8 {[%clk 0:06:51]} 28. Qf2 {[%clk 0:37:52]} Rd7
{[%clk 0:06:54]} 29. Qxb6 {[%clk 0:37:39]} Qc3 {[%clk 0:07:11]} 30. Rd1
{[%clk 0:29:14]} h5 {[%clk 0:05:40]} 31. Kh1 {[%clk 0:26:41]} f5 {[%clk 0:04:55]}
32. Be2 {[%clk 0:22:26]} Bxe4 {[%clk 0:03:31]} 33. Bxh5+ {[%clk 0:22:46]} Ke7
{[%clk 0:03:32]} 34. Qf2 {[%clk 0:18:04]} Kd8 {[%clk 0:03:05]} 35. Bf3
{[%clk 0:17:41]} Qxc4 {[%clk 0:02:34]} 36. Bxe4 {[%clk 0:16:06]} fxe4
{[%clk 0:02:54]} 37. h4 {[%clk 0:14:46]} d5 {[%clk 0:02:39]} 38. Qf8+
{[%clk 0:14:18]} Kc7 {[%clk 0:03:04]} 39. Qf4+ {[%clk 0:14:41]} Kb7
{[%clk 0:03:09]} 40. Qf5 {[%clk 0:13:58]} Kc7 {[%clk 0:02:54]} 41. h5
{[%clk 0:13:46]} Qc3 {[%clk 0:02:01]} 42. Qf4+ {[%clk 0:09:52]} Kb7
{[%clk 0:02:01]} 43. Rc1 {[%clk 0:06:06]} Qb2 {[%clk 0:01:34]} 44. h6
{[%clk 0:05:10]} Rh7 {[%clk 0:01:47]} 45. Qg5 {[%clk 0:05:10]} Qd4
{[%clk 0:01:24]} 46. Qg6 {[%clk 0:05:21]} Qh8 {[%clk 0:01:23]} 47. Qc6+
{[%clk 0:05:12]} Ka7 {[%clk 0:01:37]} 48. Qc5+ {[%clk 0:05:34]} Ka8
{[%clk 0:01:54]} 49. Qxd5+ {[%clk 0:05:38]} Ka7 {[%clk 0:02:10]} 50. Kg1
{[%clk 0:04:09]} Qf6 {[%clk 0:00:33]} 51. Qc5+ {[%clk 0:03:04]} Kb7
{[%clk 0:00:41]} 52. Qc8+ {[%clk 0:02:15]} Kb6 {[%clk 0:00:55]} 53. Qc5+
{[%clk 0:02:32]} Kb7 {[%clk 0:01:15]} 54. Qd5+ {[%clk 0:02:56]} Ka7
{[%clk 0:01:27]} 55. Rc6 {[%clk 0:01:57]} Qa1+ 56. Kh2 1-0

[Event "c14"]
[Site "?"]
[Date "2016.05.07"]
[Round "9.3"]
[White "Nowak, Mikolaj"]
[Black "Kosakowski, Jakub"]
[Result "1-0"]
[BlackElo "2202"]
[WhiteElo "2024"]
[LiveChessVersion "1.4.7"]

1. e4 {[%clk 1:30:57]} c5 {[%clk 1:30:46]} 2. Nc3 {[%clk 1:31:25]} d6
{[%clk 1:30:59]} 3. f4 {[%clk 1:31:51]} Nc6 {[%clk 1:30:26]} 4. Nf3
{[%clk 1:32:15]} g6 {[%clk 1:30:32]} 5. g3 {[%clk 1:32:41]} Bg7 {[%clk 1:30:41]}
6. Bg2 {[%clk 1:33:07]} e6 {[%clk 1:28:50]} 7. d3 {[%clk 1:33:30]} Nge7
{[%clk 1:28:33]} 8. O-O {[%clk 1:33:50]} O-O {[%clk 1:28:03]} 9. Be3
{[%clk 1:34:13]} Nd4 {[%clk 1:26:13]} 10. Rb1 {[%clk 1:34:38]} Nec6
{[%clk 1:23:19]} 11. Ne2 {[%clk 1:35:01]} e5 {[%clk 1:17:50]} 12. c3
{[%clk 1:34:42]} Nxf3+ {[%clk 1:17:56]} 13. Bxf3 {[%clk 1:34:57]} Re8
{[%clk 1:12:55]} 14. f5 {[%clk 1:33:37]} gxf5 {[%clk 0:54:34]} 15. exf5
{[%clk 1:34:01]} d5 {[%clk 0:54:59]} 16. g4 {[%clk 1:33:14]} e4 {[%clk 0:44:11]}
17. dxe4 {[%clk 1:33:00]} Ne5 {[%clk 0:44:36]} 18. Ng3 {[%clk 1:21:47]} d4
{[%clk 0:43:00]} 19. cxd4 {[%clk 1:20:04]} Nc4 {[%clk 0:42:31]} 20. Bf2
{[%clk 1:18:31]} cxd4 {[%clk 0:42:47]} 21. Nh5 {[%clk 1:12:17]} Be5
{[%clk 0:42:56]} 22. Kh1 {[%clk 1:09:54]} Ne3 {[%clk 0:41:45]} 23. Qd2
{[%clk 1:09:24]} Nxf1 {[%clk 0:30:25]} 24. Rxf1 {[%clk 1:08:04]} Kh8
{[%clk 0:27:14]} 25. Rd1 {[%clk 1:00:12]} b6 {[%clk 0:25:09]} 26. Qh6
{[%clk 0:57:20]} Rg8 {[%clk 0:24:11]} 27. Qc6 {[%clk 0:57:08]} Rb8
{[%clk 0:20:53]} 28. Qc4 {[%clk 0:56:28]} Qe7 {[%clk 0:18:20]} 29. Bxd4
{[%clk 0:52:30]} f6 {[%clk 0:17:36]} 30. Bxe5 {[%clk 0:44:16]} fxe5
{[%clk 0:17:52]} 31. f6 {[%clk 0:43:55]} Qe6 {[%clk 0:16:59]} 32. Qb4
{[%clk 0:38:34]} Rb7 {[%clk 0:13:07]} 33. Be2 {[%clk 0:32:15]} Rd7
{[%clk 0:11:33]} 34. Rf1 {[%clk 0:30:47]} Bb7 {[%clk 0:10:51]} 35. Ng3
{[%clk 0:25:16]} Rc8 {[%clk 0:08:18]} 36. g5 {[%clk 0:23:50]} a5 {[%clk 0:06:55]}
37. Qb3 {[%clk 0:22:13]} Qxb3 {[%clk 0:05:59]} 38. axb3 {[%clk 0:22:42]} Rd2
{[%clk 0:06:17]} 39. Bc4 {[%clk 0:20:26]} b5 {[%clk 0:04:08]} 40. f7
{[%clk 0:20:05]} Kg7 {[%clk 0:01:53]} 41. Bxb5 {[%clk 0:18:55]} Kf8
{[%clk 0:02:03]} 42. Bc4 {[%clk 0:17:30]} Rxb2 {[%clk 0:02:31]} 43. h4
{[%clk 0:16:12]} a4 {[%clk 0:02:21]} 44. h5 {[%clk 0:15:58]} axb3
{[%clk 0:01:23]} 45. h6 {[%clk 0:13:26]} Rc6 {[%clk 0:01:00]} 46. Rd1
{[%clk 0:12:04]} Rb1 {[%clk 0:00:31]} 47. Rxb1 {[%clk 0:12:17]} Rxc4
{[%clk 0:01:00]} 48. g6 {[%clk 0:12:08]} Bxe4+ {[%clk 0:01:16]} 49. Nxe4
{[%clk 0:12:02]} Rxe4 {[%clk 0:01:45]} 50. gxh7 {[%clk 0:11:33]} Rh4+
{[%clk 0:02:11]} 51. Kg2 {[%clk 0:11:59]} Rxh6 {[%clk 0:02:15]} 52. Rh1
{[%clk 0:12:21]} 1-0

[Event "c14"]
[Site "?"]
[Date "2016.05.07"]
[Round "9.4"]
[White "Kozak, Antoni"]
[Black "Mis, Mieszko"]
[Result "1/2-1/2"]
[BlackElo "2069"]
[WhiteElo "1932"]
[LiveChessVersion "1.4.7"]

1. e4 {[%clk 1:30:57]} c5 {[%clk 1:30:52]} 2. Nf3 {[%clk 1:31:23]} Nc6
{[%clk 1:31:16]} 3. Bb5 {[%clk 1:31:49]} g6 {[%clk 1:31:42]} 4. O-O
{[%clk 1:32:13]} Bg7 {[%clk 1:32:04]} 5. Re1 {[%clk 1:32:39]} Nf6
{[%clk 1:32:03]} 6. e5 {[%clk 1:33:04]} Nd5 {[%clk 1:32:28]} 7. Nc3
{[%clk 1:33:30]} Nc7 {[%clk 1:32:55]} 8. Bxc6 {[%clk 1:33:53]} dxc6
{[%clk 1:33:22]} 9. Ne4 {[%clk 1:34:17]} Ne6 {[%clk 1:32:50]} 10. d3
{[%clk 1:34:28]} O-O {[%clk 1:32:11]} 11. Be3 {[%clk 1:34:48]} b6
{[%clk 1:29:44]} 12. Qd2 {[%clk 1:34:51]} Nd4 {[%clk 1:25:34]} 13. Nxd4
{[%clk 1:32:54]} cxd4 {[%clk 1:26:01]} 14. Bh6 {[%clk 1:33:15]} c5
{[%clk 1:24:58]} 15. Qf4 {[%clk 1:21:49]} Bb7 {[%clk 0:57:57]} 16. Qh4
{[%clk 1:16:32]} Bxh6 {[%clk 0:54:25]} 17. Qxh6 {[%clk 1:16:50]} Qd5
{[%clk 0:52:43]} 18. f4 {[%clk 1:14:56]} f5 {[%clk 0:44:23]} 19. exf6
{[%clk 1:15:21]} exf6 {[%clk 0:44:48]} 20. Re2 {[%clk 1:15:32]} Qd7
{[%clk 0:37:19]} 21. Rae1 {[%clk 1:14:41]} Bxe4 {[%clk 0:36:11]} 22. Rxe4
{[%clk 1:14:18]} Rae8 {[%clk 0:36:11]} 23. Qh4 {[%clk 1:09:04]} Kg7
{[%clk 0:34:35]} 24. h3 {[%clk 1:06:24]} Rxe4 {[%clk 0:32:44]} 25. Rxe4
{[%clk 1:06:51]} Re8 {[%clk 0:33:07]} 26. Qe1 {[%clk 1:06:28]} Rxe4
{[%clk 0:31:57]} 27. Qxe4 {[%clk 1:06:51]} Kf7 {[%clk 0:32:26]} 28. f5
{[%clk 0:57:53]} gxf5 {[%clk 0:31:23]} 29. Qh4 {[%clk 0:58:07]} Ke6
{[%clk 0:29:32]} 30. Qg3 {[%clk 0:56:21]} Qe7 {[%clk 0:27:36]} 31. Qg8+
{[%clk 0:55:04]} Kd6 {[%clk 0:21:01]} 32. Qb8+ {[%clk 0:54:16]} Kc6
{[%clk 0:19:49]} 33. Qc8+ {[%clk 0:54:38]} Kd6 {[%clk 0:20:18]} 34. Qb8+
{[%clk 0:54:50]} Kc6 {[%clk 0:20:48]} 35. Qc8+ {[%clk 0:55:09]} Kb5
{[%clk 0:12:06]} 36. Qxf5 {[%clk 0:54:56]} Qe1+ {[%clk 0:12:08]} 37. Kh2
{[%clk 0:55:20]} Qb4 {[%clk 0:12:01]} 38. a3 {[%clk 0:46:55]} Qxb2
{[%clk 0:06:47]} 39. Qd7+ {[%clk 0:47:07]} Ka6 {[%clk 0:07:03]} 40. Qa4+
{[%clk 0:47:32]} Kb7 {[%clk 0:07:28]} 41. Qd7+ {[%clk 0:47:51]} 1/2-1/2

[Event "c14"]
[Site "?"]
[Date "2016.05.07"]
[Round "9.5"]
[White "Ochowicz, Jakub"]
[Black "Pniaczek, Marek"]
[Result "1-0"]
[BlackElo "1855"]
[WhiteElo "2040"]
[LiveChessVersion "1.4.7"]

1. e4 {[%clk 1:30:59]} e5 {[%clk 1:30:57]} 2. Nf3 {[%clk 1:31:19]} Nc6
{[%clk 1:31:24]} 3. Bb5 {[%clk 1:31:40]} a6 {[%clk 1:31:49]} 4. Bxc6
{[%clk 1:31:59]} dxc6 {[%clk 1:32:14]} 5. O-O {[%clk 1:32:15]} Qf6
{[%clk 1:32:26]} 6. d3 {[%clk 1:30:24]} h6 {[%clk 1:28:23]} 7. Be3
{[%clk 1:29:10]} Bg4 {[%clk 1:26:14]} 8. Nbd2 {[%clk 1:25:09]} O-O-O
{[%clk 1:25:16]} 9. Qe2 {[%clk 1:18:27]} Ne7 {[%clk 1:22:23]} 10. Rfb1
{[%clk 1:12:03]} Ng6 {[%clk 1:19:17]} 11. h3 {[%clk 1:07:36]} Be6
{[%clk 1:18:50]} 12. b4 {[%clk 1:05:48]} Nf4 {[%clk 1:01:27]} 13. Bxf4
{[%clk 1:06:01]} Qxf4 {[%clk 1:01:44]} 14. a4 {[%clk 1:00:59]} Bd6
{[%clk 0:39:06]} 15. c4 {[%clk 0:51:16]} c5 {[%clk 0:37:30]} 16. bxc5
{[%clk 0:44:23]} Bxc5 {[%clk 0:37:48]} 17. Nb3 {[%clk 0:44:25]} Ba7
{[%clk 0:36:27]} 18. c5 {[%clk 0:25:58]} Bxb3 {[%clk 0:34:23]} 19. Rxb3
{[%clk 0:26:11]} Bxc5 {[%clk 0:34:08]} 20. Qc2 {[%clk 0:25:51]} Bd6
{[%clk 0:15:22]} 21. Rab1 {[%clk 0:25:09]} Kd7 {[%clk 0:14:45]} 22. Rxb7
{[%clk 0:24:41]} g5 {[%clk 0:12:48]} 23. Rc1 {[%clk 0:19:36]} Ke7
{[%clk 0:09:10]} 24. Ne1 {[%clk 0:18:02]} Rd7 {[%clk 0:08:19]} 25. g3
{[%clk 0:18:19]} Qf6 {[%clk 0:08:43]} 26. Ng2 {[%clk 0:18:35]} Qe6
{[%clk 0:05:34]} 27. Ne3 {[%clk 0:16:27]} Rc8 {[%clk 0:04:53]} 28. Nd5+
{[%clk 0:13:24]} Kf8 {[%clk 0:05:10]} 29. Nb6 {[%clk 0:13:22]} Rcd8
{[%clk 0:03:31]} 30. Nxd7+ {[%clk 0:13:43]} Rxd7 {[%clk 0:03:59]} 31. Kg2
{[%clk 0:12:03]} f5 {[%clk 0:03:52]} 32. Qc4 {[%clk 0:11:17]} Qxc4
{[%clk 0:01:38]} 33. dxc4 {[%clk 0:10:46]} fxe4 34. c5 {[%clk 0:11:04]} Be7
{[%clk 0:02:22]} 35. Rc2 {[%clk 0:05:07]} Ke8 {[%clk 0:00:50]} 36. c6
{[%clk 0:04:54]} Rd4 {[%clk 0:00:40]} 37. Rxc7 {[%clk 0:05:13]} e3
{[%clk 0:00:40]} 38. fxe3 {[%clk 0:05:12]} Rd8 {[%clk 0:00:55]} 39. Rb7
{[%clk 0:05:25]} Rc8 {[%clk 0:00:42]} 40. Ra7 {[%clk 0:05:40]} Bd6
{[%clk 0:00:34]} 41. Rxa6 {[%clk 0:06:01]} Rc7 {[%clk 0:00:33]} 42. Kf3
{[%clk 0:05:57]} e4+ {[%clk 0:00:51]} 43. Kxe4 {[%clk 0:06:22]} Bxg3
{[%clk 0:01:15]} 44. Kd5 {[%clk 0:06:45]} Re7 {[%clk 0:01:24]} 45. Ra8+
{[%clk 0:06:36]} Kf7 {[%clk 0:01:49]} 46. e4 {[%clk 0:05:53]} h5 {[%clk 0:02:01]}
47. Rd8 {[%clk 0:06:04]} Re5+ {[%clk 0:01:44]} 48. Kd4 {[%clk 0:06:21]} Ra5
{[%clk 0:01:36]} 49. Rc4 {[%clk 0:06:12]} Ke7 {[%clk 0:00:33]} 50. Rd7+
{[%clk 0:06:34]} Ke6 {[%clk 0:00:33]} 51. Rd5 {[%clk 0:06:24]} Ra7
{[%clk 0:00:32]} 52. Rxg5 {[%clk 0:06:36]} Bc7 {[%clk 0:00:32]} 53. Rxh5
{[%clk 0:06:50]} Ra8 {[%clk 0:00:31]} 54. Rh6+ {[%clk 0:07:09]} Ke7
{[%clk 0:00:46]} 55. Rh7+ {[%clk 0:07:32]} Kd6 {[%clk 0:01:02]} 56. e5+
{[%clk 0:07:53]} Ke6 {[%clk 0:01:26]} 57. Rxc7 {[%clk 0:08:17]} Rd8+
{[%clk 0:01:52]} 58. Rd7 {[%clk 0:08:39]} Rh8 {[%clk 0:02:12]} 59. Rd6+
{[%clk 0:09:03]} Kf5 {[%clk 0:02:31]} 60. Rc1 {[%clk 0:09:13]} 1-0

[Event "c14"]
[Site "?"]
[Date "2016.05.07"]
[Round "9.6"]
[White "Pacan-milej, Kosma"]
[Black "Fus, Jakub"]
[Result "1/2-1/2"]
[BlackElo "1936"]
[WhiteElo "1967"]
[LiveChessVersion "1.4.7"]

1. d4 {[%clk 1:30:59]} e6 {[%clk 1:30:35]} 2. c4 {[%clk 1:31:11]} Nf6
{[%clk 1:30:36]} 3. Nf3 {[%clk 1:31:31]} Bb4+ {[%clk 1:30:36]} 4. Bd2
{[%clk 1:31:46]} a5 {[%clk 1:30:43]} 5. g3 {[%clk 1:31:59]} d6 {[%clk 1:30:38]}
6. Bg2 {[%clk 1:32:22]} Nbd7 {[%clk 1:30:36]} 7. O-O {[%clk 1:32:43]} e5
{[%clk 1:30:35]} 8. Nc3 {[%clk 1:33:06]} O-O {[%clk 1:30:26]} 9. Qc2
{[%clk 1:33:16]} Re8 {[%clk 1:30:24]} 10. e4 {[%clk 1:30:27]} exd4
{[%clk 1:30:07]} 11. Nxd4 {[%clk 1:30:51]} Ne5 {[%clk 1:30:00]} 12. b3
{[%clk 1:30:53]} Bd7 {[%clk 1:24:39]} 13. h3 {[%clk 1:22:19]} a4 {[%clk 1:13:21]}
14. Be3 {[%clk 0:52:59]} Bc5 {[%clk 1:03:19]} 15. Rad1 {[%clk 0:47:04]} Qc8
{[%clk 1:01:23]} 16. Kh2 {[%clk 0:39:11]} axb3 {[%clk 1:00:45]} 17. axb3
{[%clk 0:39:07]} Nc6 {[%clk 0:59:13]} 18. Nxc6 {[%clk 0:35:50]} Bxe3
{[%clk 0:57:45]} 19. Nd4 {[%clk 0:34:41]} Bxd4 {[%clk 0:58:05]} 20. Rxd4
{[%clk 0:35:05]} Ra5 {[%clk 0:56:34]} 21. Nd5 {[%clk 0:31:43]} Nxd5
{[%clk 0:51:25]} 22. cxd5 {[%clk 0:29:56]} Qb8 {[%clk 0:41:34]} 23. Rc1
{[%clk 0:28:06]} Rc5 {[%clk 0:40:22]} 24. Rc4 {[%clk 0:27:58]} Rxc4
{[%clk 0:40:07]} 25. Qxc4 {[%clk 0:28:04]} c6 {[%clk 0:24:32]} 26. dxc6
{[%clk 0:14:22]} Bxc6 {[%clk 0:24:02]} 27. Qd4 {[%clk 0:13:47]} Re6
{[%clk 0:22:47]} 28. b4 {[%clk 0:13:08]} Qd8 {[%clk 0:17:08]} 29. Qa7
{[%clk 0:10:18]} Qd7 {[%clk 0:16:02]} 30. Qd4 {[%clk 0:09:59]} h6
{[%clk 0:15:26]} 31. Rd1 {[%clk 0:09:33]} Qe8 {[%clk 0:15:32]} 32. f3
{[%clk 0:09:15]} Rg6 {[%clk 0:13:25]} 33. Re1 {[%clk 0:07:29]} Re6
{[%clk 0:13:09]} 34. Rd1 {[%clk 0:07:50]} Rg6 {[%clk 0:13:36]} 35. Re1
{[%clk 0:08:18]} Re6 {[%clk 0:14:03]} 36. Rd1 {[%clk 0:08:45]} Rg6
{[%clk 0:14:30]} 37. Re1 {[%clk 0:09:05]} Re6 {[%clk 0:14:47]} 38. Rd1
{[%clk 0:09:30]} Rg6 1/2-1/2

[Event "c14"]
[Site "?"]
[Date "2016.05.07"]
[Round "9.7"]
[White "Szczurek, Krzysztof"]
[Black "Ossolinski, Ziemowit"]
[Result "1-0"]
[BlackElo "1849"]
[WhiteElo "1991"]
[LiveChessVersion "1.4.7"]

1. e4 {[%clk 1:30:58]} c5 {[%clk 1:30:51]} 2. c3 {[%clk 1:31:17]} Nf6
{[%clk 1:31:15]} 3. e5 {[%clk 1:31:43]} Nd5 {[%clk 1:31:39]} 4. d4
{[%clk 1:32:08]} cxd4 {[%clk 1:32:03]} 5. cxd4 {[%clk 1:32:32]} e6
{[%clk 1:32:20]} 6. a3 {[%clk 1:32:21]} d6 {[%clk 1:31:28]} 7. Nf3
{[%clk 1:32:23]} Nc6 {[%clk 1:31:46]} 8. Bd3 {[%clk 1:32:25]} Qc7
{[%clk 1:31:24]} 9. O-O {[%clk 1:30:15]} Be7 {[%clk 1:27:49]} 10. Nbd2
{[%clk 1:24:09]} Nf4 {[%clk 1:24:34]} 11. Bc2 {[%clk 1:23:47]} dxe5
{[%clk 1:16:49]} 12. dxe5 {[%clk 1:23:57]} Ng6 {[%clk 1:17:13]} 13. Nc4
{[%clk 1:23:05]} O-O {[%clk 1:17:09]} 14. Qe2 {[%clk 1:18:45]} b5
{[%clk 1:14:21]} 15. Nd6 {[%clk 1:18:31]} Ncxe5 {[%clk 1:04:21]} 16. Nxb5
{[%clk 1:00:26]} Nxf3+ {[%clk 1:03:52]} 17. gxf3 {[%clk 1:00:47]} Ba6
{[%clk 1:01:13]} 18. Nxc7 {[%clk 1:00:11]} Bxe2 {[%clk 1:01:38]} 19. Nxa8
{[%clk 1:00:35]} Bxf1 {[%clk 1:02:02]} 20. Kxf1 {[%clk 1:01:00]} Rxa8
{[%clk 1:02:29]} 21. Be3 {[%clk 0:59:34]} Bf6 {[%clk 1:02:45]} 22. Rb1
{[%clk 0:59:25]} Ne5 {[%clk 1:01:24]} 23. Be4 {[%clk 0:59:37]} Rd8
{[%clk 1:00:12]} 24. b3 {[%clk 0:55:49]} Be7 {[%clk 0:55:57]} 25. f4
{[%clk 0:47:20]} f5 {[%clk 0:49:27]} 26. Bxf5 {[%clk 0:45:49]} exf5
{[%clk 0:49:55]} 27. fxe5 {[%clk 0:46:12]} a5 {[%clk 0:49:36]} 28. b4
{[%clk 0:45:44]} Rb8 {[%clk 0:48:44]} 29. Bd2 {[%clk 0:45:25]} Kf7
{[%clk 0:47:44]} 30. b5 {[%clk 0:41:23]} a4 {[%clk 0:48:08]} 31. b6
{[%clk 0:41:49]} Rb7 {[%clk 0:48:28]} 32. Be3 {[%clk 0:41:58]} Ke6
{[%clk 0:41:22]} 33. Rc1 {[%clk 0:36:40]} Bxa3 {[%clk 0:36:24]} 34. Ra1
{[%clk 0:36:36]} Bb2 {[%clk 0:36:22]} 35. Rxa4 {[%clk 0:37:01]} Bxe5
{[%clk 0:36:13]} 36. f4 {[%clk 0:36:46]} Bb8 {[%clk 0:35:40]} 37. Ke2
{[%clk 0:36:11]} Kd6 {[%clk 0:33:31]} 38. Rc4 {[%clk 0:34:08]} Kd5
{[%clk 0:32:46]} 39. Kd3 {[%clk 0:33:54]} g6 {[%clk 0:29:27]} 40. Rc5+
{[%clk 0:26:47]} Kd6 {[%clk 0:27:03]} 41. Kc4 {[%clk 0:24:54]} Re7
{[%clk 0:24:23]} 42. Bd4 {[%clk 0:23:09]} Kd7 {[%clk 0:23:21]} 43. Be5
{[%clk 0:20:15]} Re8 {[%clk 0:23:03]} 44. Kd5 {[%clk 0:20:09]} h6
{[%clk 0:22:21]} 45. Bxb8 {[%clk 0:19:43]} Rxb8 {[%clk 0:22:45]} 46. Rc7+
{[%clk 0:20:10]} Kd8 {[%clk 0:22:29]} 47. Kc6 {[%clk 0:20:27]} g5
{[%clk 0:21:59]} 48. Rg7 {[%clk 0:20:34]} Ke8 {[%clk 0:16:03]} 49. Rg8+
{[%clk 0:20:54]} Kf7 {[%clk 0:16:32]} 50. Rxb8 {[%clk 0:21:18]} gxf4
{[%clk 0:16:57]} 51. Ra8 {[%clk 0:21:42]} f3 {[%clk 0:17:23]} 52. Ra1
{[%clk 0:22:07]} 1-0